[Event "Dundee & Angus Challengers"]
[Site "?"]
[Date "2013.10.12"]
[Round "2"]
[White "Thomas, Daniel"]
[Black "Shafi, Declan"]
[Result "1-0"]
[WhiteElo "1758"]
[BlackElo "1500"]
[PlyCount "53"]
[EventDate "2013.??.??"]

1. d4 Nf6 2. c4 g6 3. Nc3 d5 4. Bg5 Ne4 5. cxd5 Nxc3 6. bxc3 Qxd5 7. Nf3 Bg4 8.
Bf4 c5 9. Ne5 Bd7 10. e3 b5 11. Nxd7 Qxd7 12. Qf3 Qc6 13. Qxc6+ Nxc6 14. Bxb5
Rc8 15. d5 e6 16. dxc6 Bg7 17. c7+ Ke7 18. O-O-O e5 19. Rd7+ Kf6 20. Bg3 Ke6
21. Rhd1 Bf6 22. R1d6+ Kf5 23. Rxf7 Kg5 24. Rdxf6 Kh6 25. Bxe5 Kh5 26. g3 Kg4
27. Bd7+ 1-0

[Event "Dundee & Angus Challengers"]
[Site "?"]
[Date "2013.10.12"]
[Round "2"]
[White "Moore, Robin"]
[Black "Smith, Stephen"]
[Result "0-1"]
[WhiteElo "1709"]
[BlackElo "1750"]
[PlyCount "75"]
[EventDate "2013.??.??"]

1. e4 d5 2. exd5 Qxd5 3. Nc3 Qa5 4. d4 Nf6 5. Bc4 Bf5 6. Nf3 e6 7. O-O Bb4 8.
Ne2 c6 9. Bf4 Nbd7 10. c3 Be7 11. Re1 Bg4 12. Ng3 Nd5 13. Bxd5 Qxd5 14. Qd3
Bxf3 15. c4 Qa5 16. Qxf3 Bb4 17. Red1 Nf6 18. a3 Be7 19. b4 Qa6 20. Rac1 O-O
21. Bg5 Rfe8 22. Bxf6 Bxf6 23. Ne4 Be7 24. Nc5 Qb6 25. Rc3 Rad8 26. Rb3 Qc7 27.
Nxb7 Qxb7 28. b5 Rb8 29. a4 cxb5 30. Qxb7 Rxb7 31. axb5 Rd8 32. Rdb1 Bf6 33. d5
exd5 34. cxd5 Bd4 35. Rc1 g6 36. Rb4 Bb6 37. d6 Rbd7 38. Rc6 0-1

[Event "Dundee & Angus Challengers"]
[Site "?"]
[Date "2013.10.12"]
[Round "2"]
[White "Jennings, Richard"]
[Black "Mitchell, Jeremy"]
[Result "0-1"]
[WhiteElo "1781"]
[BlackElo "1717"]
[PlyCount "96"]
[EventDate "2013.??.??"]

1. c4 Nf6 2. g3 e6 3. Bg2 c6 4. Nf3 d5 5. O-O Be7 6. d4 O-O 7. a3 Nbd7 8. c5 b6
9. b4 a5 10. Bb2 axb4 11. axb4 Rxa1 12. Bxa1 Ba6 13. Nbd2 bxc5 14. bxc5 e5 15.
dxe5 Ne8 16. Nb3 Nxc5 17. Nxc5 Bxc5 18. Nd4 Qb6 19. Qd2 Nc7 20. Rd1 Rd8 21. e3
Bc4 22. Bc3 Ra8 23. Qe1 Nb5 24. Rb1 Qc7 25. Nxb5 Bxb5 26. Bf1 Bxf1 27. Qxf1 Ra3
28. Qc1 Qa7 29. Qb2 Kf8 30. Kg2 Ra6 31. Kf3 Rb6 32. Qc2 Rxb1 33. Qxb1 g6 34. h4
Qb6 35. Qa2 Qa7 36. Qb3 Ke7 37. Qc2 h5 38. g4 Qd7 39. gxh5 Qh3+ 40. Ke2 Qg4+
41. Kf1 gxh5 42. Be1 Qc4+ 43. Qxc4 dxc4 44. Ke2 Ke6 45. Bc3 Be7 46. e4 Bxh4 47.
f4 f5 48. exf6 Bg3 0-1

[Event "Dundee & Angus Challengers"]
[Site "?"]
[Date "2013.10.12"]
[Round "2"]
[White "Giulian, Rosie"]
[Black "Hahn, Lilli"]
[Result "1/2-1/2"]
[WhiteElo "1694"]
[BlackElo "1773"]
[PlyCount "73"]
[EventDate "2013.??.??"]

1. e4 c5 2. c3 d5 3. exd5 Qxd5 4. d4 Nc6 5. Nf3 e6 6. Be3 cxd4 7. cxd4 Nf6 8.
a3 Be7 9. Bd3 O-O 10. O-O b6 11. Nc3 Qd8 12. Qe2 Bb7 13. Rfd1 Nd5 14. Rac1 Rc8
15. Nxd5 Qxd5 16. Bc4 Qh5 17. Ba6 Bxa6 18. Qxa6 Bf6 19. b4 Qd5 20. Rd2 Ne7 21.
Rdc2 Qd7 22. h3 Rxc2 23. Rxc2 Rc8 24. Rxc8+ Nxc8 25. Ne5 Bxe5 26. dxe5 Qc7 27.
Qb5 Kf8 28. Qd3 Ne7 29. Qxh7 Qxe5 30. Qh8+ Ng8 31. Qh4 Qc7 32. Qd4 e5 33. Qe4
f6 34. Qa8+ Kf7 35. Qd5+ Kf8 36. Qa8+ Kf7 37. Qd5+ 1/2-1/2

[Event "Dundee & Angus Challengers"]
[Site "?"]
[Date "2013.10.12"]
[Round "2"]
[White "McGovern, Pat"]
[Black "Irving, Neil"]
[Result "1-0"]
[WhiteElo "1696"]
[BlackElo "1657"]
[PlyCount "110"]
[EventDate "2013.??.??"]

1. e4 e5 2. Bc4 Nf6 3. Nc3 Nc6 4. Nf3 Nxe4 5. Bxf7+ Kxf7 6. Nxe4 Be7 7. d4 exd4
8. O-O Rf8 9. Nxd4 Nxd4 10. Qxd4 d5 11. Ng3 Kg8 12. c4 c6 13. cxd5 Qxd5 14. Be3
Be6 15. Rfd1 Qxd4 16. Bxd4 Bd5 17. a3 a6 18. Re1 Rae8 19. Nh5 Rf7 20. Re5 Ref8
21. Rae1 Bf6 22. Nxf6+ Rxf6 23. Bc5 Rc8 24. Re8+ Rxe8 25. Rxe8+ Kf7 26. Re7+
Kg6 27. Rxb7 Re6 28. Be3 Kf6 29. Bd4+ Kf5 30. Bc3 Rg6 31. Rxg7 Rxg7 32. Bxg7 h5
33. f3 a5 34. Kf2 a4 35. Bf8 Bb3 36. Be7 Ke6 37. Bd8 Kf5 38. Kg3 Be6 39. Kh4
Kg6 40. Kg3 Kf5 41. Kf2 Kg6 42. Ke3 Kf5 43. h3 Ke5 44. g4 Bf7 45. Bc7+ Kf6 46.
Kf4 Be6 47. Bd8+ Kg6 48. Ke5 Bd5 49. f4 Bg2 50. f5+ Kf7 51. g5 Bxh3 52. g6+ Kg7
53. Kf4 Bg2 54. Kg5 Bd5 55. Be7 Kg8 1-0

[Event "Dundee & Angus Challengers"]
[Site "?"]
[Date "2013.10.12"]
[Round "2"]
[White "Robertson, Jim"]
[Black "Kleboe, Jim"]
[Result "0-1"]
[WhiteElo "1602"]
[BlackElo "1760"]
[PlyCount "43"]
[EventDate "2013.??.??"]

1. d4 f5 2. f4 Nf6 3. Nf3 e6 4. e3 b6 5. c3 Bb7 6. Bd3 Be7 7. O-O O-O 8. Nbd2
c5 9. Ng5 Ng4 10. Ndf3 h6 11. Nh3 Qe8 12. Ne5 Nxe5 13. fxe5 d5 14. Qe2 Nc6 15.
Bd2 h5 16. g3 Qg6 17. e4 cxd4 18. exf5 exf5 19. Rae1 dxc3 20. bxc3 Bc5+ 21. Be3
Nxe5 22. Bb5 0-1

[Event "Dundee & Angus Challengers"]
[Site "?"]
[Date "2013.10.12"]
[Round "2"]
[White "MacQueen, Andrew"]
[Black "Milton, Carl"]
[Result "*"]
[WhiteElo "1712"]
[BlackElo "1598"]
[PlyCount "35"]
[EventDate "2013.??.??"]

1. e4 c5 2. Nf3 d6 3. d4 cxd4 4. Nxd4 Nf6 5. Nc3 g6 6. Be3 Bg7 7. f3 Nc6 8. Qd2
O-O 9. O-O-O d5 10. Qe1 e5 11. Nxc6 bxc6 12. Bc5 Re8 13. exd5 Nxd5 14. Ne4 Qc7
15. Bd6 Qb6 16. Bc5 Qc7 17. Bd6 Qb6 18. Bc5 *

[Event "Dundee & Angus Challengers"]
[Site "?"]
[Date "2013.10.12"]
[Round "2"]
[White "Aitchison A, Keith"]
[Black "Milton, Anna"]
[Result "1/2-1/2"]
[WhiteElo "1658"]
[BlackElo "1460"]
[PlyCount "79"]
[EventDate "2013.??.??"]

1. e4 c5 2. Nc3 e6 3. Nf3 d6 4. d3 Nf6 5. g3 Nc6 6. Bg2 Be7 7. O-O O-O 8. Ne2
d5 9. exd5 Nxd5 10. c3 Qc7 11. Nf4 Nxf4 12. Bxf4 Bd6 13. Bxd6 Qxd6 14. Qc2 Rd8
15. Rad1 Qc7 16. Rfe1 b6 17. d4 cxd4 18. cxd4 Bb7 19. Ne5 Rac8 20. Bxc6 Bxc6
21. Rc1 Rd6 22. d5 Rxd5 23. Qxc6 Rxe5 24. Rxe5 Qxc6 25. Rxc6 Rxc6 26. Re2 Kf8
27. Kg2 Ke7 28. Rd2 Rd6 29. Rc2 Kd7 30. Kf3 Rc6 31. Rd2+ Rd6 32. Rc2 Rd5 33.
Ke2 f5 34. h4 h6 35. h5 Kd6 36. a3 Rc5 37. Rd2+ Rd5 38. Rc2 Ke7 39. Rc7+ Rd7
40. Rc6 1/2-1/2

[Event "Dundee & Angus Challengers"]
[Site "?"]
[Date "2013.10.12"]
[Round "3"]
[White "Mitchell, Jeremy"]
[Black "Thomas, Daniel"]
[Result "1/2-1/2"]
[WhiteElo "1717"]
[BlackElo "1758"]
[PlyCount "51"]
[EventDate "2013.??.??"]

1. e4 e5 2. Nf3 Nf6 3. Nxe5 d6 4. Nf3 Nxe4 5. d4 d5 6. Bd3 Nc6 7. O-O Be7 8.
Re1 Nf6 9. h3 O-O 10. Nbd2 Nb4 11. Nf1 c5 12. c3 Nxd3 13. Qxd3 c4 14. Qc2 Ne4
15. Ng3 f5 16. Nxe4 fxe4 17. Ne5 Bh4 18. Be3 Qe8 19. Qe2 Be6 20. Rf1 Rc8 21. f3
Qh5 22. g4 exf3 23. Rxf3 Rxf3 24. Qxf3 Qe8 25. Bf2 Bxf2+ 26. Qxf2 1/2-1/2

[Event "Dundee & Angus Challengers"]
[Site "?"]
[Date "2013.10.12"]
[Round "3"]
[White "Smith, Stephen H"]
[Black "Thomas, Phil"]
[Result "1/2-1/2"]
[WhiteElo "1750"]
[BlackElo "1822"]
[PlyCount "79"]
[EventDate "2013.??.??"]

1. e4 c5 2. Nf3 Nc6 3. c3 d5 4. exd5 Qxd5 5. Be2 e5 6. O-O Be7 7. d3 Nf6 8.
Nbd2 Bf5 9. Nc4 Rd8 10. Ne3 Qd7 11. Nxf5 Qxf5 12. Qc2 h6 13. Be3 O-O 14. Rac1
Nd5 15. Nd2 Nf4 16. Bxf4 Qxf4 17. Nf3 Rd6 18. Qd2 Qxd2 19. Nxd2 Bg5 20. Rcd1
Bxd2 21. Rxd2 Rfd8 22. f3 Kf8 23. Rc2 Rf6 24. Re1 Ke7 25. Bf1 Re6 26. Rf2 Kd7
27. Rd2 Ne7 28. Red1 Kc7 29. Re1 Ng6 30. g3 Red6 31. Rf2 f6 32. Rc1 b6 33. b4
Ne7 34. d4 cxb4 35. cxb4+ Rc6 36. Rxc6+ Nxc6 37. dxe5 Nxe5 38. Rc2+ Kb8 39. Kg2
Nd3 40. Bxd3 1/2-1/2

[Event "Dundee & Angus Challengers"]
[Site "?"]
[Date "2013.10.12"]
[Round "3"]
[White "Parks, Joe"]
[Black "McGovern, Patrick"]
[Result "1/2-1/2"]
[WhiteElo "1822"]
[BlackElo "1696"]
[PlyCount "76"]
[EventDate "2013.??.??"]

1. d4 Nf6 2. c4 e5 3. dxe5 Ng4 4. e4 Nxe5 5. f4 Ng6 6. Be3 Bb4+ 7. Nd2 Qe7 8.
Qc2 Nc6 9. O-O-O Bxd2+ 10. Bxd2 d6 11. g3 Bg4 12. Re1 O-O-O 13. h3 Bd7 14. Bg2
f6 15. Ne2 Rhe8 16. Nc3 Qf7 17. Nd5 Nge7 18. Re3 Nd4 19. Qc3 c5 20. Qa5 Nxd5
21. cxd5 Kb8 22. Ra3 Nb5 23. Ra4 a6 24. Qb6 Nc7 25. Ra3 Bb5 26. Rb3 Na8 27. Qa5
Qc7 28. Qxc7+ Kxc7 29. Re3 Re7 30. Rd1 Rde8 31. Bc3 Kc8 32. h4 Nb6 33. Bh3+ Bd7
34. Bxd7+ Kxd7 35. e5 fxe5 36. fxe5 dxe5 37. b4 c4 38. Re4 Na4 1/2-1/2

[Event "Dundee & Angus Challengers"]
[Site "?"]
[Date "2013.10.12"]
[Round "3"]
[White "Emery, Keith"]
[Black "Babin, Andre"]
[Result "1/2-1/2"]
[WhiteElo "1634"]
[BlackElo "1720"]
[PlyCount "79"]
[EventDate "2013.??.??"]

1. e4 e6 2. Nf3 d5 3. exd5 exd5 4. d4 Bd6 5. Bd3 Ne7 6. h3 c6 7. O-O O-O 8. Ng5
Bf5 9. Bxf5 Nxf5 10. Qd3 g6 11. c3 Re8 12. Nf3 Nd7 13. Nbd2 Bc7 14. Re1 Qf6 15.
Nf1 Rxe1 16. Nxe1 Re8 17. Nf3 Nh4 18. Nxh4 Qxh4 19. Bd2 Nf6 20. Ng3 a6 21. Re1
Rxe1+ 22. Bxe1 Bxg3 23. Qxg3 Qxg3 24. fxg3 Ne4 25. g4 f6 26. Bf2 Kf7 27. Be3
Nd6 28. Kf2 Ke6 29. Kf3 Nc4 30. Bc1 Nd6 31. Bd2 b6 32. b3 Ne4 33. Be1 Kd6 34.
Bg3+ Ke6 35. Be1 b5 36. b4 Nd6 37. Ke3 Nc4+ 38. Kd3 Nb2+ 39. Kc2 Nc4 40. Kd3
1/2-1/2

[Event "Dundee & Angus Challengers"]
[Site "?"]
[Date "2013.10.12"]
[Round "3"]
[White "Hahn, Lilli"]
[Black "McKinnon, Douglas"]
[Result "0-1"]
[WhiteElo "1773"]
[BlackElo "1608"]
[PlyCount "44"]
[EventDate "2013.??.??"]

1. d4 Nf6 2. c4 g6 3. Nc3 Bg7 4. e4 d6 5. f4 O-O 6. Nf3 c5 7. dxc5 dxc5 8. Bd3
Nc6 9. Qe2 Bg4 10. Bd2 Nd4 11. Qf1 Qc8 12. Nxd4 cxd4 13. Nd5 Nxd5 14. cxd5 e5
15. fxe5 Bxe5 16. Bh6 Qc7 17. Bxf8 Rxf8 18. Qf2 Bxh2 19. Rxh2 Qxh2 20. Rc1 Re8
21. Rc4 Qh1+ 22. Kd2 Qd1# 0-1

[Event "Dundee & Angus Challengers"]
[Site "Dundee"]
[Date "2013.10.12"]
[Round "3"]
[White "Kleboe, Jim"]
[Black "Giulian, Rosie"]
[Result "1/2-1/2"]
[WhiteElo "1760"]
[BlackElo "1694"]
[PlyCount "83"]
[EventDate "2013.??.??"]

{1024MB, Fritz12.ctg, Noble-PC} 1. e4 e6 2. d4 d5 3. Nc3 dxe4 4. Nxe4 Bd7 5.
Nf3 Nf6 6. Ng3 c5 7. c4 Bc6 8. h3 cxd4 9. Nxd4 Qa5+ 10. Bd2 Qe5+ 11. Nge2 Ne4
12. a3 Nxd2 13. Qxd2 Be7 14. Nxc6 Nxc6 15. Qc3 Qg5 16. h4 Qh6 17. g3 Bf6 18.
Qc2 O-O 19. Bg2 Ne5 20. Rd1 Rac8 21. b3 b6 22. O-O Rfd8 23. Rxd8+ Rxd8 24. Rd1
Rxd1+ 25. Qxd1 g5 26. hxg5 Bxg5 27. Qd6 Ng4 28. Qb8+ Kg7 29. Nf4 Bxf4 30. Qxf4
Qxf4 31. gxf4 Nf6 {[%emt 0:00:00]} 32. Bf3 Nd7 33. b4 Kf6 34. Be4 h6 35. Kg2
Ke7 36. Kg3 Nf6 37. Bb7 Kd6 38. Kf3 Kc7 39. Ba6 Kd6 40. Ke2 Nh5 41. Ke3 Nf6 42.
Bb7 1/2-1/2

[Event "Dundee & Angus Challengers"]
[Site "?"]
[Date "2013.10.12"]
[Round "3"]
[White "Shafi, Declan"]
[Black "Moore, Robin"]
[Result "1-0"]
[WhiteElo "1500"]
[BlackElo "1709"]
[PlyCount "57"]
[EventDate "2013.??.??"]

1. e4 c5 2. Nf3 d6 3. d4 cxd4 4. Nxd4 Nf6 5. Nc3 g6 6. Be3 Bg7 7. f3 Nc6 8. Qd2
O-O 9. Bc4 Bd7 10. O-O-O Qa5 11. h4 Rfc8 12. Bb3 Ne5 13. g4 Nc4 14. Bxc4 Rxc4
15. h5 b5 16. Nb3 Qa6 17. hxg6 fxg6 18. Bh6 Bh8 19. e5 b4 20. Nd5 Nxd5 21.
Qxd5+ e6 22. Qxa8+ Rc8 23. Qe4 Qxa2 24. Qxb4 Bxe5 25. Qa3 Qxa3 26. bxa3 Ba4 27.
Rd3 Bc3 28. Bd2 Bg7 29. Kd1 1-0

[Event "Dundee & Angus Challengers"]
[Site "?"]
[Date "2013.10.12"]
[Round "3"]
[White "Sharp, Alan"]
[Black "MacQueen, Andrew"]
[Result "1/2-1/2"]
[WhiteElo "1645"]
[BlackElo "1712"]
[PlyCount "97"]
[EventDate "2013.??.??"]

1. Nf3 g6 2. e3 Bg7 3. d4 c5 4. c3 cxd4 5. cxd4 Nc6 6. Nc3 d6 7. Be2 Nf6 8. O-O
O-O 9. Re1 a6 10. a3 b5 11. b4 Bb7 12. Bb2 Rc8 13. Rc1 e6 14. Bd3 Ne7 15. Qe2
Ned5 16. Nb1 Qd7 17. Nbd2 Rxc1 18. Rxc1 Rc8 19. Qd1 Nb6 20. Rc2 Na4 21. Ba1 Nd5
22. Qc1 Ndb6 23. Kf1 Rxc2 24. Qxc2 Qc6 25. Qxc6 Bxc6 26. Bc2 Kf8 27. Bxa4 Nxa4
28. Ne1 Bd5 29. f3 Ke7 30. Kf2 Kd7 31. Nc2 Bc4 32. Ne1 d5 33. g3 Kc6 34. f4 Bf8
35. Nef3 f6 36. g4 h6 37. h4 Bd3 38. g5 hxg5 39. hxg5 Be7 40. gxf6 Bxf6 41.
Ne5+ Bxe5 42. dxe5 Nb6 43. Bb2 Nc4 44. Ba1 Kb6 45. Nb3 Bf5 46. Ke2 Kc7 47. Nd4
Kb6 48. Nb3 Kc7 49. Nd4 1/2-1/2

[Event "Dundee & Angus Challengers"]
[Site "?"]
[Date "2013.10.12"]
[Round "3"]
[White "Milton, Anna"]
[Black "Jennings, Richard"]
[Result "0-1"]
[WhiteElo "1460"]
[BlackElo "1781"]
[PlyCount "106"]
[EventDate "2013.??.??"]

1. d4 d5 2. c4 dxc4 3. Nf3 Nf6 4. e3 c5 5. Bxc4 e6 6. O-O Nc6 7. Nc3 a6 8. dxc5
Bxc5 9. Qxd8+ Nxd8 10. b3 b5 11. Bd3 Bb7 12. Nd2 O-O 13. Bb2 Nc6 14. Nde4 Be7
15. Rad1 Rfd8 16. Bb1 Nxe4 17. Nxe4 f5 18. Ng3 g6 19. Ne2 Kf7 20. Nd4 Bf6 21.
Nxc6 Bxc6 22. Bxf6 Kxf6 23. Rc1 Rd6 24. Rfd1 Rad8 25. Rxd6 Rxd6 26. Kf1 b4 27.
f3 Bb5+ 28. Ke1 g5 29. Rc7 h6 30. Rb7 Rc6 31. Kd2 Rc8 32. Rh7 Kg6 33. Re7 Rd8+
34. Ke1 Rd6 35. Rc7 h5 36. e4 Kf6 37. Rc5 Rc6 38. Rxc6 Bxc6 39. exf5 exf5 40.
Kd2 Ke5 41. Bd3 a5 42. Kc2 h4 43. Be2 Kd4 44. Kd2 Bd7 45. g3 hxg3 46. hxg3 f4
47. g4 a4 48. Bd1 a3 49. Bc2 Bc6 50. Bd1 Bd5 51. Kc2 Ke3 52. Kc1 Bxf3 53. Bxf3
Kxf3 0-1

[Event "Dundee & Angus Challengers"]
[Site "?"]
[Date "2013.10.12"]
[Round "3"]
[White "Milton, Carl"]
[Black "Aitchison, A Keith"]
[Result "1/2-1/2"]
[WhiteElo "1598"]
[BlackElo "1658"]
[PlyCount "43"]
[EventDate "2013.??.??"]

1. d4 Nf6 2. c4 e6 3. Nf3 d5 4. Bg5 Bb4+ 5. Nc3 Bxc3+ 6. bxc3 c6 7. e3 Qa5 8.
Qc2 Ne4 9. Rc1 Nd7 10. Bd3 Nxg5 11. Nxg5 dxc4 12. Nxf7 cxd3 13. Nd6+ Ke7 14.
Nxc8+ Raxc8 15. Qxd3 Nf6 16. O-O Rhf8 17. c4 Kf7 18. e4 Rcd8 19. e5 Nd7 20.
Qxh7 Rh8 21. Qe4 Rh5 22. f4 1/2-1/2

[Event "Dundee & Angus Challengers"]
[Site "?"]
[Date "2013.10.12"]
[Round "3"]
[White "Irving, Neil"]
[Black "Underwood, Jamie"]
[Result "1/2-1/2"]
[WhiteElo "1657"]
[BlackElo "1512"]
[PlyCount "74"]
[EventDate "2013.??.??"]

1. Nf3 Nf6 2. c4 c6 3. g3 d5 4. Bg2 e6 5. d4 Nbd7 6. O-O Bd6 7. b3 b6 8. Bb2
Bb7 9. Nbd2 O-O 10. Re1 c5 11. cxd5 exd5 12. Ne5 Re8 13. Ndc4 Bf8 14. Nxd7 Qxd7
15. Ne5 Qc7 16. Rc1 Bd6 17. Nd3 Rac8 18. Bh3 Nd7 19. dxc5 bxc5 20. e3 c4 21.
Qg4 g6 22. Qxd7 Qxd7 23. Bxd7 cxd3 24. Rxc8 Rxc8 25. Bxc8 Bxc8 26. Rd1 Ba6 27.
Bc3 Kf8 28. b4 Bc4 29. a3 Ke7 30. f3 f5 31. Kf2 Bc7 32. Bd4 a6 33. Ke1 Kd7 34.
Kd2 Kc6 35. Kc3 Kb5 36. Re1 a5 37. Bc5 Be5+ 1/2-1/2

[Event "Dundee & Angus Challengers"]
[Site "?"]
[Date "2013.10.13"]
[Round "4"]
[White "Thomas, Daniel"]
[Black "Smith, Stephen H"]
[Result "1-0"]
[WhiteElo "1758"]
[BlackElo "1750"]
[PlyCount "100"]
[EventDate "2013.??.??"]

1. d4 Nf6 2. c4 e6 3. Nf3 Bb4+ 4. Bd2 Qe7 5. a3 Bxd2+ 6. Nbxd2 d5 7. e3 O-O 8.
Rc1 b6 9. Bd3 Bb7 10. O-O Rc8 11. Ne5 c5 12. dxc5 Rxc5 13. Nb3 Rc7 14. Nd4 a6
15. f4 Qd6 16. cxd5 Qxd5 17. Qe2 Rxc1 18. Rxc1 b5 19. Rc7 Nbd7 20. Qc2 g6 21.
Nec6 Bxc6 22. Qxc6 Qxc6 23. Rxc6 Nd5 24. Kf2 N7f6 25. h3 Ne7 26. Rd6 Nfd5 27.
Nc6 Nxc6 28. Rxc6 Ra7 29. Kf3 Kg7 30. g4 Ne7 31. Rd6 Nc8 32. Rc6 Ne7 33. Rc5
Rb7 34. e4 Rb6 35. Ke3 Nc6 36. g5 Na5 37. b4 Nc6 38. e5 Ne7 39. Be4 Nf5+ 40.
Bxf5 gxf5 41. Kd4 Rb8 42. Rc6 a5 43. Kc5 axb4 44. axb4 Ra8 45. Kxb5 Ra3 46. h4
h5 47. Rc4 Rh3 48. Kc6 Rxh4 49. b5 Rh2 50. b6 Rb2 1-0

[Event "Dundee & Angus Challengers"]
[Site "?"]
[Date "2013.10.13"]
[Round "4"]
[White "Babin, Andre"]
[Black "Mitchell, Jeremy"]
[Result "0-1"]
[WhiteElo "1720"]
[BlackElo "1717"]
[PlyCount "62"]
[EventDate "2013.??.??"]

1. e4 c6 2. d4 d5 3. Nd2 dxe4 4. Nxe4 Bf5 5. Ng3 Bg6 6. Bc4 e6 7. N1e2 Bd6 8.
Bf4 Nf6 9. Qd2 Bxf4 10. Nxf4 Nd5 11. Nxg6 hxg6 12. O-O-O b5 13. Bd3 Qf6 14.
Rde1 Qf4 15. Ne4 Nd7 16. g3 Qxd2+ 17. Kxd2 Ke7 18. Ng5 Nf8 19. h4 Nh7 20. Nf3
Kd6 21. Ne5 Raf8 22. c3 Ne7 23. g4 Nf6 24. f3 Nd7 25. f4 Nxe5 26. fxe5+ Kd7 27.
Bc2 f5 28. exf6 gxf6 29. Bb3 Nd5 30. Rh2 g5 31. Bxd5 cxd5 0-1

[Event "Dundee & Angus Challengers"]
[Site "?"]
[Date "2013.10.13"]
[Round "4"]
[White "Emery, Keith"]
[Black "Parks, Joe"]
[Result "0-1"]
[WhiteElo "1634"]
[BlackElo "1822"]
[PlyCount "67"]
[EventDate "2013.??.??"]

1. e4 d6 2. Nf3 Nf6 3. Nc3 e5 4. h3 Be7 5. Bc4 O-O 6. d3 c6 7. Ne2 d5 8. exd5
cxd5 9. Bb3 Nc6 10. O-O Qc7 11. Ng3 Be6 12. Re1 Bc5 13. Be3 Bd6 14. Nf1 Rad8
15. Bg5 Be7 16. Bh4 e4 17. Bg3 Bd6 18. Bxd6 Rxd6 19. N3h2 Ne5 20. d4 Ng6 21.
Ne3 Ne8 22. c3 f5 23. Qh5 Qe7 24. g3 Nc7 25. f4 Nh8 26. h4 Bd7 27. Qg5 Qe8 28.
h5 Qf7 29. Rf1 Rh6 30. g4 fxg4 31. Nhxg4 Bxg4 32. Nxg4 Rd6 33. Ne3 h6 34. Qg3
0-1

[Event "Dundee & Angus Challengers"]
[Site "?"]
[Date "2013.10.13"]
[Round "4"]
[White "Thomas, Phil"]
[Black "Shafi, Declan"]
[Result "0-1"]
[WhiteElo "1822"]
[BlackElo "1500"]
[PlyCount "39"]
[EventDate "2013.??.??"]

1. e4 c5 2. Nf3 d6 3. Bb5+ Bd7 4. Bxd7+ Qxd7 5. d3 g6 6. c4 Bg7 7. Nc3 e6 8.
Be3 Ne7 9. Qd2 a6 10. Rd1 Nbc6 11. b3 O-O 12. Bh6 Rfd8 13. h4 d5 14. Bxg7 Kxg7
15. h5 Rh8 16. h6+ Kf8 17. Qg5 Qd8 18. Qf6 Rg8 19. Ng5 Ne5 20. Nxe6+ 0-1

[Event "Dundee & Angus Challengers"]
[Site "?"]
[Date "2013.10.13"]
[Round "4"]
[White "McKinnon, Douglas"]
[Black "McGovern, Pat"]
[Result "0-1"]
[WhiteElo "1608"]
[BlackElo "1696"]
[PlyCount "100"]
[EventDate "2013.??.??"]

1. d4 Nf6 2. Nf3 d5 3. e3 Bf5 4. Nh4 e6 5. Nxf5 exf5 6. c4 c6 7. Nc3 Qd7 8.
cxd5 Nxd5 9. a3 Nf6 10. Qf3 Be7 11. Bc4 O-O 12. O-O b5 13. Ba2 Na6 14. b4 Nc7
15. Bb2 Ncd5 16. Rac1 a6 17. Rfe1 Rac8 18. Bb1 g6 19. e4 fxe4 20. Nxe4 Nxe4 21.
Rxe4 Rfe8 22. Rce1 Bf6 23. Qe2 Kf8 24. f3 Re7 25. Qf2 Rce8 26. Ba2 Bg5 27. Bxd5
Qxd5 28. Re5 Rxe5 29. dxe5 Rd8 30. f4 Be7 31. Qe2 c5 32. bxc5 Bxc5+ 33. Kh1 Qd2
34. Qxd2 Rxd2 35. Bc3 Rd3 36. Bb4 Bxb4 37. axb4 Rb3 38. Kg1 Rxb4 39. g3 a5 40.
Kf2 a4 41. Ke3 a3 42. Kd3 Rb2 43. h4 b4 44. Ra1 a2 45. Rxa2 Rxa2 46. Kc4 Ra3
47. Kxb4 Rxg3 48. Kc5 Rd3 49. Kc4 Rd8 50. Kc5 Ke7 0-1

[Event "Dundee & Angus Challengers"]
[Site "?"]
[Date "2013.10.13"]
[Round "4"]
[White "Jennings, Richard"]
[Black "Kleboe, Jim"]
[Result "1-0"]
[WhiteElo "1781"]
[BlackElo "1760"]
[PlyCount "109"]
[EventDate "2013.??.??"]

1. c4 e5 2. g3 Nf6 3. Bg2 Nc6 4. Nc3 Be7 5. Nf3 d6 6. d3 h6 7. O-O Be6 8. a3
Qd7 9. b4 Bh3 10. Nd5 Nxd5 11. cxd5 Nd8 12. Bxh3 Qxh3 13. Qc2 c6 14. dxc6 Nxc6
15. b5 Nd8 16. d4 O-O 17. dxe5 dxe5 18. Nxe5 Ne6 19. Bb2 Rfc8 20. Qb3 Qh5 21.
e3 Bf6 22. Nd3 Bxb2 23. Qxb2 Rd8 24. Ne1 Rd5 25. a4 Rad8 26. Ra2 Rd1 27. f4 Nc5
28. Qg2 Rc1 29. g4 Qh4 30. Nf3 Rxf1+ 31. Kxf1 Qe7 32. Qe2 Qe4 33. a5 Rd3 34.
Kf2 Rb3 35. Nd4 Nd3+ 36. Kg3 Rb1 37. Qf3 Qe7 38. a6 Ne1 39. Qxb7 Qxe3+ 40. Nf3
Nxf3 41. Qxf3 Qxf3+ 42. Kxf3 Rxb5 43. Ke4 Kf8 44. Kd4 Ke8 45. Kc4 Rb6 46. Kc5
Kd7 47. Ra4 Rc6+ 48. Kb5 Rb6+ 49. Ka5 Rd6 50. Rb4 Kc7 51. Rb7+ Kc6 52. Rxa7
Rd5+ 53. Kb4 Kb6 54. Rxf7 Kxa6 55. Kc4 1-0

[Event "Dundee & Angus Challengers"]
[Site "?"]
[Date "2013.10.13"]
[Round "4"]
[White "Giulian, Rosie"]
[Black "Sharp, Alan"]
[Result "1-0"]
[WhiteElo "1694"]
[BlackElo "1645"]
[PlyCount "39"]
[EventDate "2013.??.??"]

1. e4 d6 2. d4 Nf6 3. Nc3 g6 4. f3 Bg7 5. Bc4 Nc6 6. Be3 O-O 7. Qd2 e5 8. Nge2
exd4 9. Nxd4 Nxd4 10. Bxd4 Be6 11. Be2 d5 12. exd5 Nxd5 13. Bxg7 Kxg7 14. O-O-O
c6 15. Ne4 Qb6 16. c4 Ne7 17. Qc3+ f6 18. Rd6 Bf5 19. Nxf6 Kh6 20. g4 1-0

[Event "Dundee & Angus Challengers"]
[Site "?"]
[Date "2013.10.13"]
[Round "4"]
[White "Aitchison, A Keith"]
[Black "Hahn, Lilli"]
[Result "0-1"]
[WhiteElo "1658"]
[BlackElo "1773"]
[PlyCount "78"]
[EventDate "2013.??.??"]

1. e4 c5 2. Nf3 a6 3. a4 Nc6 4. d4 cxd4 5. Nxd4 g6 6. Nc3 Bg7 7. Be3 d6 8. Be2
Nf6 9. O-O O-O 10. Qd2 Bd7 11. f3 Nxd4 12. Bxd4 Bc6 13. a5 Rc8 14. Bb6 Qe8 15.
Rfd1 Nd7 16. Be3 Nc5 17. Ra3 Na4 18. Nxa4 Bxa4 19. b3 Bc6 20. Qc1 Bb5 21. Bd3
Bxd3 22. Rxd3 Qc6 23. Ra4 Bf6 24. c4 Bg7 25. Qd2 f5 26. exf5 Rxf5 27. Ra2 Rd8
28. Bb6 Rd7 29. Rc2 Be5 30. c5 d5 31. Ra2 Bf4 32. Qd1 Re5 33. Ra4 Be3+ 34. Kf1
d4 35. Qc2 Red5 36. Ra1 e5 37. Qc4 Kg7 38. Rad1 Qe6 39. c6 Qxc6 0-1

[Event "Dundee & Angus Challengers"]
[Site "?"]
[Date "2013.10.13"]
[Round "4"]
[White "MacQueen, Andrew"]
[Black "Robertson, Jim"]
[Result "1/2-1/2"]
[WhiteElo "1712"]
[BlackElo "1602"]
[PlyCount "73"]
[EventDate "2013.??.??"]

1. e4 c6 2. d4 d5 3. Nc3 dxe4 4. Nxe4 Bf5 5. Ng3 Bg6 6. Nf3 Nd7 7. Bd3 Bxd3 8.
Qxd3 e6 9. O-O Ngf6 10. Bg5 Be7 11. Rfe1 O-O 12. c4 Re8 13. a3 a5 14. Re2 a4
15. Rae1 Nc5 16. Qc2 Nb3 17. Rd1 b5 18. d5 exd5 19. cxd5 Nxd5 20. Bxe7 Rxe7 21.
Qxc6 Rb8 22. Nf5 Rc7 23. Rxd5 Qc8 24. Rc2 Rxc6 25. Ne7+ Kf8 26. Nxc8 Rbxc8 27.
Rxc6 Rxc6 28. Rd1 Rc2 29. Rb1 f6 30. Ne1 Rc1 31. Rxc1 Nxc1 32. Kf1 Ke7 33. Nc2
Nd3 34. Nd4 b4 35. axb4 Nxb2 36. b5 Kd7 37. Ke2 1/2-1/2

[Event "Dundee & Angus Challengers"]
[Site "?"]
[Date "2013.10.13"]
[Round "4"]
[White "Moore, Robin"]
[Black "Milton, Carl"]
[Result "1/2-1/2"]
[WhiteElo "1598"]
[BlackElo "1709"]
[PlyCount "87"]
[EventDate "2013.??.??"]

1. e4 c5 2. Nf3 d6 3. d4 cxd4 4. Nxd4 Nf6 5. Nc3 g6 6. Be3 Bg7 7. f3 Nc6 8. Qd2
O-O 9. O-O-O d5 10. Nxc6 bxc6 11. exd5 cxd5 12. Nxd5 Nxd5 13. Qxd5 Qc7 14. Qc5
Qb7 15. Bd4 Bh6+ 16. Kb1 Bf5 17. Bc4 Rfd8 18. Bc3 Bg7 19. Bxg7 Kxg7 20. Bd5 Qc8
21. Qxc8 Raxc8 22. Be4 Bxe4 23. fxe4 Rxd1+ 24. Rxd1 Rc4 25. Re1 Kf6 26. b3 Rd4
27. c4 Rd2 28. c5 Ke6 29. Rc1 Kd7 30. Rc2 Rd1+ 31. Kb2 Re1 32. a3 Rxe4 33. c6+
Kc7 34. b4 a6 35. Kb3 Re6 36. g4 f6 37. h4 Rxc6 38. Re2 e6 39. a4 f5 40. gxf5
gxf5 41. b5 axb5 42. axb5 Rd6 43. Kc4 f4 44. Re4 1/2-1/2